|
|
|
|
| LEADER |
01136nab#a2200397#ar4500 |
| 001 |
000120175 |
| 003 |
SVKKK |
| 005 |
20170822130837.0 |
| 008 |
170425c2009 xo |||||||||||||||b|slo |
| FMT |
|
|
|
| 015 |
|
|
|a SNBRB2017/08
|
| 038 |
|
|
|a SVKKK
|
| 040 |
|
|
|a SVKKK
|b slo
|e AACR2
|
| 041 |
0 |
|
|a slo
|b eng
|
| 044 |
|
|
|a xo
|c SK
|
| 080 |
|
|
|a 303.732.2
|2 2011
|
| 080 |
|
|
|a 658.512
|2 2011
|
| 100 |
1 |
|
|a Straka, Martin
|4 aut
|
| 245 |
1 |
0 |
|a Definovanie periódy pre tvorbu výrobných plánov firmy Alfa Folie, a.s.
|c Martin Straka, Dušan Malindžák
|
| 246 |
3 |
1 |
|a Period definning for creation of production planning of firm Alfa Foils, a.s.
|
| 300 |
|
|
|b Obr.
|
| 504 |
|
|
|a Bibliogr. odkazy
|
| 546 |
|
|
|a Res. angl.
|
| 650 |
0 |
4 |
|a výrobné plány
|
| 650 |
0 |
4 |
|a agregované plánovanie
|
| 650 |
0 |
4 |
|a plánovanie periódy
|
| 700 |
1 |
|
|a Malindžák, Dušan
|4 aut
|
| 773 |
0 |
|
|t Acta Montanistica Slovaca
|g Roč. 14, č. 1 (2009), s. 121-126
|x 1335-1788
|
| 958 |
|
|
|a NB
|
| 974 |
|
|
|a CER
|
| 992 |
|
|
|a RBX
|
| BAS |
|
|
|
| 852 |
|
|
|a SVKKK
|b BIB
|
| 856 |
4 |
1 |
|u http://actamont.tuke.sk/pdf/2009/n1/17straka.pdf
|
| EXP |
|
|
|
| 998 |
|
|
|a SLO
|